00562nam a2200169 a 450000500170000000800410001702000180005805000260007610000180010224500610012026000450018130000070022644000230023352000710025665000330032765000320036020140412111411.0070214s19uu xx 00 eng d a983-187-233-9 aTR(GS 428.4bM11 2004 aMah, May S.M. aThe king and the ring, series 2 book 10 /cMay S.M. Mah. aMalaysia :bRhythm publishing co,c2004. a24 aPhonics in reading aThe pre - reading practice introduces new words before the stories aPhonetics-- English language aReading -- English language